Dongeng Rakyat Dunia IV

Bibliographic Details
Main Author: Yulis Haji Alwi
Format: Book
Published: Kuala Lumpur : DBP , 1993
Subjects:

MARC

LEADER 00000cam a2200000 7i4500
001 0000007475
002 000008034
005 20000330.0
020 |a 983622043 
090 0 0 |a JF   |b YUL 
100 0 |a Yulis Haji Alwi 
245 1 0 |a Dongeng Rakyat Dunia IV   |c Yulis Haji Alwi 
260 |a Kuala Lumpur :   |b DBP ,   |c 1993 
300 |a 180p. ;   |c 18cm. 
650 0 0 |a Short stories 
999 |a 055517   |b BUKU   |c PINJAMAN   |e PERPUSTAKAAN KOMUNITI CAW KOTA DAMANSARA 
999 |a 055518   |b BUKU   |c PINJAMAN   |e PERPUSTAKAAN KOMUNITI CAW KOTA DAMANSARA